000 00870cam a22002531i 4500
003 SA-RiAUC
005 20241224090136.0
008 241222s1985 ir g 000 0 ara c
040 _aSA-JeALM
_bara
_cSA-RiAUC.
_erda
050 0 4 _b. F334 1994
082 0 4 _a414
_qSA-RiAUC
090 _a414
_bس ب ح
100 1 _aالسبحاني، جعفر
_eمؤلف.
245 1 0 _aتهذيب البلاغة /
_cتأليف جعفر السبحاني.
250 _aالطبعة الأولى.
264 1 _aقم، إيران :
_bمؤسسة الامام الصادق،
_c2012
300 _a424 صفحة ؛
_c24 سم
336 _aنص
_btxt
_2rdacontent
_3كتاب
337 _aبدون وسيط
_bn
_2rdamedia
338 _aمجلد
_bnc
_2rdacarrier
650 7 _aالبلاغة العربية
_2aucsh
942 _2ddc
_cBOOK
_n0
949 _aSA-JeALM
_d241222
_uosman123
_n1
999 _c3890
_d3890